[Event "DIJA I"]
[Site "SchemingMind.com"]
[Date "2020.09.14"]
[Round "-"]
[White "Arnold Jones"]
[Black "Derek Price"]
[Result "0-1"]
[WhiteCountry "ENG"]
[BlackCountry "ENG"]
[WhiteElo "1623"]
[WhiteRD "62"]
[BlackElo "2295"]
[BlackRD "76"]
[GameID "460024"]

1. e4 c5 2. f4 Nc6 3. Nf3 g6 4. Bc4 Bg7 5. c3 d6 6. Ng5 e6 7. d3 h6 8. Nxf7 Kxf7 9. O-O d5 10. exd5 exd5
11. Bxd5+ Qxd5 12. Qb3 Qxb3 13. axb3 Bf5 14. Rd1 Rd8 15. Be3 b6 16. d4 Nge7 17. Nd2 cxd4 18. cxd4 Nd5 19. Bf2 Nxf4 20. Nf3 Rhe8
21. Kf1 Bd3+ 22. Kg1 Re2 23. Rac1 Be4 24. Ne5+ Nxe5 25. Rc7+ Kg8 26. dxe5 Rxd1+
0-1

[Event "DIJA I"]
[Site "SchemingMind.com"]
[Date "2020.09.14"]
[Round "-"]
[White "Paul Clarkson"]
[Black "Derek Price"]
[Result "0-1"]
[WhiteCountry "CAN"]
[BlackCountry "ENG"]
[WhiteElo "1880"]
[WhiteRD "91"]
[BlackElo "2305"]
[BlackRD "73"]
[GameID "460025"]

1. d4 d5 2. Bf4 Nf6 3. e3 e6 4. Nf3 Bd6 5. Bg3 O-O 6. c3 c5 7. Nbd2 Qc7 8. dxc5 Qxc5 9. Bd3 Nbd7 10. Qe2 Qb6
11. Rb1 Nc5 12. Bc2 Bd7 13. O-O Bxg3 14. hxg3 Bb5
0-1

[Event "DIJA I"]
[Site "SchemingMind.com"]
[Date "2020.09.21"]
[Round "-"]
[White "Helga1946"]
[Black "drako"]
[Result "1-0"]
[WhiteCountry "GER"]
[BlackCountry "LAT"]
[WhiteElo "2101"]
[WhiteRD "75"]
[BlackElo "1945"]
[BlackRD "149"]
[GameID "460360"]

1. e4 c5 2. Nc3 Nc6 3. Nf3 e6 4. Bb5 a6 5. Bxc6 dxc6 6. d3 Ne7 7. e5 Ng6 8. h4 Qc7 9. Qe2 h5 10. Bg5 b5
11. O-O Be7 12. Bxe7 Qxe7 13. Ne4 Nxh4 14. Nxh4 Qxh4 15. Nd6+ Kf8 16. Qf3 f5 17. Qxc6
1-0

[Event "DIJA I"]
[Site "SchemingMind.com"]
[Date "2020.09.22"]
[Round "-"]
[White "Derek Price"]
[Black "Helga1946"]
[Result "0-1"]
[WhiteCountry "ENG"]
[BlackCountry "GER"]
[WhiteElo "2259"]
[WhiteRD "72"]
[BlackElo "2203"]
[BlackRD "65"]
[GameID "460361"]

1. c4 c5 2. Nf3 Nc6 3. Nc3 Nf6 4. g3 g6 5. Bg2 h5 6. a3 Bg7 7. Rb1 d5 8. cxd5 Nxd5 9. O-O Bf5 10. e4 Nxc3
11. bxc3 Bxe4 12. Rxb7 Na5 13. Rb2 O-O 14. Re1 Bd5 15. Qa4 Nc4 16. Rb1 e6 17. d4 cxd4 18. cxd4 Qd6 19. Rb4 Rfc8 20. Bf4 Qd8
21. Ne5 Nb6 22. Qd1 Rc3 23. a4 Bxg2 24. Kxg2 Nd5 25. Qd2 Rac8 26. Rb2 h4 27. Bh6 Bf6 28. Reb1 Ne7 29. Ng4 Nd5 30. Rb7 R3c4
31. Be3 Bg7 32. Rxa7 Rc2 33. Qd3 R2c7 34. Rxc7 Rxc7 35. Qb3 Kh7 36. Qb8 Qd7 37. Qb5 Qd8 38. Rb2 f5 39. Ne5 Qa8 40. Kg1 Bxe5
41. dxe5 Nxe3 42. fxe3 Qf3 43. Qf1 Qxe3+ 44. Kg2 Qe4+ 45. Kg1 Qd4+ 46. Rf2 Rc2 47. Kg2 h3+ 48. Kg1 Kg7 49. Qe1 Ra2 50. Kf1 Ra1
51. Re2 f4 52. Qxa1 Qxa1+ 53. Re1 Qc3 54. Kf2 Qd2+ 55. Re2 Qd4+ 56. Ke1 f3 57. Rc2 Qg1+ 58. Kd2 Qxh2+ 59. Kd3 Qxc2+
0-1

[Event "DIJA I"]
[Site "SchemingMind.com"]
[Date "2020.09.21"]
[Round "-"]
[White "Helga1946"]
[Black "David Carter"]
[Result "1/2-1/2"]
[WhiteCountry "GER"]
[BlackCountry "USA"]
[WhiteElo "2157"]
[WhiteRD "69"]
[BlackElo "2017"]
[BlackRD "70"]
[GameID "460362"]

1. e4 e5 2. Nf3 Nc6 3. Bc4 Nf6 4. d4 exd4 5. O-O Nxe4 6. Re1 d5 7. Bxd5 Qxd5 8. Nc3 Qa5 9. Nxe4 Be6 10. Neg5 O-O-O
11. Nxe6 fxe6 12. Rxe6 Bd6 13. Bg5 Rde8 14. Qe2 Kd7 15. Re4 Qd5 16. Re1 Rxe4 17. Qxe4 Qxe4 18. Rxe4 Re8 19. Rxe8 Kxe8 20. Kf1 h6
21. Bd2 Kf7 22. Ke2 Ke6 23. g3 Kd5 24. h4 Ke4 25. Ne1 Ne5 26. b3 b5 27. f3+ Kd5 28. Ng2 Nf7 29. g4 g5 30. c3 c5
31. cxd4= cxd4 32. hxg5 hxg5 33. Ne1 Be7=
1/2-1/2

[Event "DIJA I"]
[Site "SchemingMind.com"]
[Date "2020.09.21"]
[Round "-"]
[White "Helga1946"]
[Black "grabapawn"]
[Result "1-0"]
[WhiteCountry "GER"]
[BlackCountry "USA"]
[WhiteElo "2031"]
[WhiteRD "86"]
[BlackElo "1548"]
[BlackRD "67"]
[GameID "460363"]

1. e4 d6 2. d4 Nf6 3. Nc3 Nbd7 4. f4 e5 5. Be3 Be7 6. Qf3 c6 7. O-O-O O-O 8. Nge2 Qc7 9. g4 Kh8 10. dxe5 dxe5
11. g5 Ng8 12. f5 g6 13. h4 b6 14. h5 f6 15. hxg6 h6 16. Rxh6+ Nxh6 17. Qh5
1-0

[Event "DIJA I"]
[Site "SchemingMind.com"]
[Date "2020.09.21"]
[Round "-"]
[White "Helga1946"]
[Black "Gilligan"]
[Result "1-0"]
[WhiteCountry "GER"]
[BlackCountry "USA"]
[WhiteElo "2031"]
[WhiteRD "86"]
[BlackElo "1615"]
[BlackRD "63"]
[GameID "460364"]

1. e4 e5 2. Nc3 Bc5 3. Qh5 d6 4. Bc4 Qf6 5. f4 g6 6. Qf3 exf4 7. Nd5 Qd8 8. Ne2 c6 9. Qc3 f6 10. Ndxf4 a5
11. a4 Qe7 12. Qb3 Nh6 13. d4 Bxd4 14. Be6 Bxe6 15. Nxe6 Ba7 16. Bxh6 f5 17. Ng7+ Kd8 18. Bg5 Qxg5 19. Ne6+ Kc8 20. Nxg5
1-0

[Event "DIJA I"]
[Site "SchemingMind.com"]
[Date "2020.09.21"]
[Round "-"]
[White "Helga1946"]
[Black "Erik Johnson"]
[Result "1-0"]
[WhiteCountry "GER"]
[BlackCountry "USA"]
[WhiteElo "2101"]
[WhiteRD "75"]
[BlackElo "1713"]
[BlackRD "72"]
[GameID "460365"]

1. e4 d5 2. exd5 Qxd5 3. Nc3 Qa5 4. Nf3 Nf6 5. d4 c6 6. Bc4 Bg4 7. h3 Bh5 8. Bd2 Qd8 9. Qe2 e6 10. g4 Bg6
11. Ne5 Nd5 12. Nxd5 cxd5 13. Bb5+ Nc6 14. Nxc6 Qc7 15. Nb4+ Kd8 16. Nxd5 Qd6 17. c4 a6 18. Bf4 e5 19. dxe5 Qe6 20. Ba4 Bc5
21. b4 Ba7 22. Rd1 Kc8 23. c5 Rd8 24. Bb3 Qe8 25. e6 fxe6 26. Nb6+ Bxb6 27. Bxe6+
1-0

[Event "DIJA I"]
[Site "SchemingMind.com"]
[Date "2020.09.21"]
[Round "-"]
[White "Helga1946"]
[Black "John Hamer"]
[Result "1-0"]
[WhiteCountry "GER"]
[BlackCountry "ENG"]
[WhiteElo "2031"]
[WhiteRD "86"]
[BlackElo "2004"]
[BlackRD "60"]
[GameID "460366"]

1. e4 e5 2. Nf3 Nc6 3. Bb5 a6 4. Bxc6 dxc6 5. O-O f6 6. d4 exd4 7. Nxd4 c5 8. Nb3 Qxd1 9. Rxd1 Bd6 10. Na5 b5
11. a4 Ne7 12. Na3 Rb8 13. axb5 axb5 14. c4 b4 15. Nb5 Be5 16. f4 Bg4 17. Rd3 Bd4+ 18. Be3 Bxb2 19. Rb1 Bd4 20. Nxc7+ Kd8=
21. Bxd4 cxd4 22. Nb5 Ke8 23. Rxd4
1-0

[Event "DIJA I"]
[Site "SchemingMind.com"]
[Date "2020.09.22"]
[Round "-"]
[White "krzysztof"]
[Black "Helga1946"]
[Result "1-0"]
[WhiteCountry "POL"]
[BlackCountry "GER"]
[WhiteElo "1559"]
[WhiteRD "75"]
[BlackElo "2101"]
[BlackRD "75"]
[GameID "460367"]

1. e4 e6 2. d4 d5 3. e5 c5 4. c3 Nc6 5. Nf3 Bd7 6. Be3 Nge7 7. dxc5 Ng6 8. b4 a5 9. a3 axb4 10. cxb4 Nxb4
11. Qb3 Nc6 12. Bb5 Ncxe5 13. Nbd2 Be7 14. a4 Bc6 15. O-O d4 16. Bxd4 Qxd4 17. Nxd4
1-0

[Event "DIJA I"]
[Site "SchemingMind.com"]
[Date "2020.09.21"]
[Round "-"]
[White "JAHI"]
[Black "Helga1946"]
[Result "0-1"]
[WhiteCountry "INT"]
[BlackCountry "GER"]
[WhiteElo "2141"]
[WhiteRD "69"]
[BlackElo "2203"]
[BlackRD "65"]
[GameID "460368"]

1. c3 e5 2. c4 Nf6 3. Nc3 Bb4 4. a3 Bxc3 5. dxc3 O-O 6. h3 Nc6 7. h4 h6 8. h5 d6 9. e3 a5 10. a4 e4
11. Be2 Ne5 12. Nh3 Bxh3 13. Rxh3 Qc8 14. b3 Qf5 15. Ba3 Rad8 16. Qd2 b6 17. Kf1 c5 18. Re1 d5 19. Qc2 dxc4 20. bxc4 Neg4
21. Bxg4 Qxg4 22. Qe2 Qd7 23. Qc2 Qe6 24. Qb3 Rd6 25. Rh4 Rc8 26. Kg1 Ng4 27. Bc1 Rcd8 28. Qc2 Rd3 29. Qe2 Nf6 30. Qa2 Rd1
31. Kf1 Rxe1+ 32. Kxe1 Ng4 33. Qc2 f5 34. Qb3 Qd6 35. Qc2 Ne5 36. Ke2 Qe6 37. Qb3 Qf6 38. g3 Qe6 39. Kf1 f4 40. exf4 Nf3
41. Be3 Nd2+ 42. Bxd2 Rxd2 43. f5 Qxf5 44. Rf4 Qh3+ 45. Ke1 e3 46. fxe3 Rh2 47. Rf2 Qxg3 48. Qc2 Qxe3+ 49. Qe2 Qc1+ 50. Qd1 Rh1+
51. Rf1 Rxf1+ 52. Kxf1 Qxd1+ 53. Kg2 Qe2+ 54. Kg3 Kf7 55. Kh3 Ke6 56. Kh4 Kf5
0-1

[Event "DIJA I"]
[Site "SchemingMind.com"]
[Date "2020.09.24"]
[Round "-"]
[White "splinter"]
[Black "Helga1946"]
[Result "0-1"]
[WhiteCountry "CAN"]
[BlackCountry "GER"]
[WhiteElo "1868"]
[WhiteRD "82"]
[BlackElo "2157"]
[BlackRD "69"]
[GameID "460369"]

1. c4 e5 2. g3 Nf6 3. Bg2 d6 4. Nc3 Be7 5. Nf3 c6 6. b3 O-O 7. Bb2 h6 8. O-O Re8 9. Qc2 Bf8 10. Rad1 a5
11. d3 Bd7 12. e3 Qc8 13. Na4 Qc7 14. e4 c5 15. Nc3 Nc6 16. Nd5 Nxd5 17. exd5 Nb4 18. Qe2 Nxa2 19. Nd2 a4 20. bxa4 Bxa4
21. Ra1 Bc2 22. Ne4 Nb4 23. Nf6+ gxf6 24. Qg4+ Bg7 25. Be4 Rxa1 26. Bxa1 Bxd3 27. Bxd3 Nxd3 28. Bc3 b5 29. cxb5 Qb7 30. Bd2 Kf8
31. Qc4 e4 32. Rb1 f5 33. Bf4 Nxf4 34. gxf4 e3 35. f3 e2 36. Kf2 Qe7 37. Ke1 Qh4+
0-1

[Event "DIJA I"]
[Site "SchemingMind.com"]
[Date "2020.09.22"]
[Round "-"]
[White "Arnold Jones"]
[Black "Helga1946"]
[Result "0-1"]
[WhiteCountry "ENG"]
[BlackCountry "GER"]
[WhiteElo "1623"]
[WhiteRD "62"]
[BlackElo "2031"]
[BlackRD "86"]
[GameID "460370"]

1. d4 d5 2. Bf4 Bf5 3. Nf3 e6 4. e3 Nf6 5. c4 Bxb1 6. Qa4+ Nc6 7. Ne5 Bf5 8. Nxc6 Qd7 9. Qb5 Qxc6 10. Qxc6+ bxc6
11. Bxc7 Bb4+ 12. Kd1 Ne4 13. Bg3 O-O 14. c5 Ba5 15. Rc1 Rfb8 16. b3 e5 17. f3 Nxg3 18. hxg3 exd4 19. exd4 Rb4 20. g4 Rxd4+
21. Ke2 Rd2+ 22. Ke3 Re8+ 23. Kf4 Bc7+ 24. Kg5 Rd4 25. Rg1 Bd8+ 26. Kh5 Bg6#
0-1

[Event "DIJA I"]
[Site "SchemingMind.com"]
[Date "2020.09.22"]
[Round "-"]
[White "Paul Clarkson"]
[Black "Helga1946"]
[Result "0-1"]
[WhiteCountry "CAN"]
[BlackCountry "GER"]
[WhiteElo "1880"]
[WhiteRD "91"]
[BlackElo "2157"]
[BlackRD "69"]
[GameID "460371"]

1. d4 d5 2. Bf4 Bf5 3. e3 e6 4. c4 Bxb1 5. Qxb1 Bb4+ 6. Kd1 Bd6 7. Bg3 Nf6 8. Nf3 O-O 9. Bd3 dxc4 10. Bxc4 c5
11. Ke2 cxd4 12. Nxd4 Bxg3 13. hxg3 Nbd7 14. g4 Rc8 15. Bd3 g6 16. g5 Ng4 17. Rh4 Nde5 18. f4 Nxd3 19. Qxd3 h5 20. gxh6 Qxh4
0-1

[Event "DIJA I"]
[Site "SchemingMind.com"]
[Date "2020.09.21"]
[Round "-"]
[White "drako"]
[Black "pmdpsp"]
[Result "1-0"]
[WhiteCountry "LAT"]
[BlackCountry "GER"]
[WhiteElo "1945"]
[WhiteRD "149"]
[BlackElo "1742"]
[BlackRD "78"]
[GameID "460381"]

1. e4 e5 2. Nf3 Nc6 3. Bc4 d6 4. d3 h6 5. h3 Be7 6. a4 a6 7. O-O Bd7 8. c3 f5 9. Nd4 Nf6 10. Nxf5 Bxf5
11. exf5 d5 12. Ba2 O-O 13. f4 Kh8 14. fxe5 Nxe5 15. d4 Nf7 16. Nd2 c6 17. Nf3 Ne4 18. Qe1 Nfg5 19. Ne5 Kh7 20. Bb1 Qd6
21. Bf4 Rxf5 22. h4 Ne6 23. Bxe4 dxe4 24. Qxe4 g6 25. Nxg6 Qd5 26. Qxd5 cxd5 27. Nxe7 Rxf4 28. Nxd5 Rxh4 29. Rae1 Ng7 30. Re7 Rh5
31. Nf6+
1-0

[Event "DIJA I"]
[Site "SchemingMind.com"]
[Date "2020.09.22"]
[Round "-"]
[White "pmdpsp"]
[Black "Derek Price"]
[Result "0-1"]
[WhiteCountry "GER"]
[BlackCountry "ENG"]
[WhiteElo "1742"]
[WhiteRD "78"]
[BlackElo "2302"]
[BlackRD "71"]
[GameID "460382"]

1. c4 e5 2. Nc3 Nf6 3. e3 Nc6 4. Nf3 Be7 5. Be2 O-O 6. O-O Re8 7. b3 d6 8. Bb2 Bf5 9. Nh4 Bd7 10. f4 exf4
11. Rxf4 g5 12. Rxf6 Bxf6 13. Nf3 Bg7 14. Qc2 g4 15. Ne1 Nb4 16. Qb1 Qg5 17. g3 Rxe3 18. dxe3 Qxe3+ 19. Kf1 Bd4 20. Ne4 Qg1#
0-1

[Event "DIJA I"]
[Site "SchemingMind.com"]
[Date "2020.09.23"]
[Round "-"]
[White "grabapawn"]
[Black "pmdpsp"]
[Result "0-1"]
[WhiteCountry "USA"]
[BlackCountry "GER"]
[WhiteElo "1517"]
[WhiteRD "69"]
[BlackElo "1742"]
[BlackRD "78"]
[GameID "460383"]

1. d4 g6 2. Bf4 Bg7 3. e3 d6 4. c3 Nf6 5. Bd3 Nbd7 6. Nd2 b6 7. h4 h5 8. Ngf3 Bb7 9. e4 c5 10. Ng5 e5
11. Qb3 Qe7 12. Bc4 exf4 13. Bxf7+ Kd8 14. Ne6+ Kc8 15. Nxf4 d5 16. Bxd5 Nxd5 17. Nxd5 Bxd5 18. Qxd5 Kc7 19. O-O-O cxd4 20. Nc4 dxc3
21. Rhe1 cxb2+ 22. Kb1 Rhf8 23. e5 Nc5 24. Nd6 Rad8 25. Nb5+ Kb8 26. Nd6 Rxf2 27. a3 Na4 28. Qc6 Qd7 29. Qd5 Nc3#
0-1

[Event "DIJA I"]
[Site "SchemingMind.com"]
[Date "2020.09.22"]
[Round "-"]
[White "Gilligan"]
[Black "pmdpsp"]
[Result "0-1"]
[WhiteCountry "USA"]
[BlackCountry "GER"]
[WhiteElo "1617"]
[WhiteRD "63"]
[BlackElo "1742"]
[BlackRD "78"]
[GameID "460384"]

1. e4 e5 2. Nf3 Nc6 3. Bc4 Na5 4. Bxf7+ Kxf7 5. Nxe5+ Ke7 6. Qh5 Qe8 7. Qg5+ Nf6 8. d4 Qh5 9. Qd2 b6 10. O-O d6
11. Nd3 Bb7 12. f3 Nc6 13. e5 dxe5 14. dxe5 Nd7 15. Re1 Re8 16. e6 Kd8 17. exd7 Re7 18. Nf4 Rxe1+ 19. Qxe1 Bc5+ 20. Be3 Qe5
21. Qh4+ g5 22. Qxg5+ Qxg5 23. Ne6+ Kxd7 24. Nxc5+ bxc5 25. Bxg5 Rg8 26. Be3 Nb4 27. Na3 Bxf3 28. Kf2 Be4 29. Bxc5 Nxc2 30. Rd1+ Kc6
31. Bxa7 Rxg2+ 32. Kf1 Nxa3 33. bxa3 Rxh2 34. Rc1+ Kb7 35. Be3 Rxa2 36. Bf4 c6 37. Rc3 Kb6 38. Bd6 h5 39. Re3 Bd5 40. Rc3 h4
41. Rh3 Bg2+ 42. Ke1 Bxh3
0-1

[Event "DIJA I"]
[Site "SchemingMind.com"]
[Date "2020.09.22"]
[Round "-"]
[White "Erik Johnson"]
[Black "pmdpsp"]
[Result "1-0"]
[WhiteCountry "USA"]
[BlackCountry "GER"]
[WhiteElo "1713"]
[WhiteRD "72"]
[BlackElo "1742"]
[BlackRD "78"]
[GameID "460385"]

1. e4 Nc6 2. Nf3 g6 3. d4 d5 4. exd5 Qxd5 5. Nc3 Qd7 6. Bb5 a6 7. Bxc6 Qxc6 8. Qd3 Bf5 9. Qe3 Nf6 10. Ne5 Qxg2
11. Qf3 Qxf3 12. Nxf3 Bxc2 13. O-O O-O-O 14. Be3 Bg7 15. Rac1 Bd3 16. Rfd1 Bf5 17. Ne5 Be6 18. a4 Nd5 19. Nxd5 Bxd5 20. Rc5 b6
21. Rc3= f6 22. Nd3 h5 23. Rdc1 Rd7 24. Bf4 c6 25. Nb4 Kb7 26. Nxd5 cxd5 27. Rc7+ Rxc7 28. Rxc7+ Ka8 29. Rxe7 Rg8 30. Rd7 g5
31. Bd2 b5 32. axb5 axb5 33. Rxd5 Rb8 34. Bb4 Ka7 35. Bc5+ Ka6 36. b4 Bh8 37. Rd6+ Kb7 38. d5 h4 39. Rd7+ Kc8 40. Rh7 Rb7
41. Rxh8+ Kd7 42. Rh7+ Kc8 43. Rxb7 Kxb7 44. Be7
1-0

[Event "DIJA I"]
[Site "SchemingMind.com"]
[Date "2020.09.22"]
[Round "-"]
[White "pmdpsp"]
[Black "krzysztof"]
[Result "1-0"]
[WhiteCountry "GER"]
[BlackCountry "POL"]
[WhiteElo "1742"]
[WhiteRD "78"]
[BlackElo "1559"]
[BlackRD "75"]
[GameID "460386"]

1. e4 e5 2. Nf3 Nc6 3. Bb5 a6 4. Ba4 b5 5. Bb3 Nf6 6. Nc3 Nd4 7. Nxe5 Nxb3 8. axb3 Bd6 9. Nf3 Bc5 10. d4 Bb6
11. Bg5 h6 12. Bh4 g5 13. Nxg5 hxg5 14. Bxg5 Qe7 15. e5 Qb4 16. Bxf6 Rg8 17. Qf3 c6 18. O-O-O a5 19. d5 Bd4 20. dxc6 a4
21. cxd7+ Kxd7 22. Qd5+ Kc7 23. Rxd4 Be6 24. Nxb5+ Kb6 25. Qe4 Qxb5 26. Rb4 a3 27. Rxb5+ Kxb5 28. Qb7+ Kc5 29. Be7+ Kd4 30. c3+ Kxe5
31. Re1+ Kf5 32. Qe4#
1-0

[Event "DIJA I"]
[Site "SchemingMind.com"]
[Date "2020.09.24"]
[Round "-"]
[White "pmdpsp"]
[Black "splinter"]
[Result "0-1"]
[WhiteCountry "GER"]
[BlackCountry "CAN"]
[WhiteElo "1751"]
[WhiteRD "79"]
[BlackElo "1868"]
[BlackRD "82"]
[GameID "460387"]

1. c4 c5 2. Nc3 Nc6 3. Nf3 Nf6 4. d4 cxd4 5. Nxd4 g6 6. Nf3 Bg7 7. Bf4 O-O 8. Qc2 d6 9. e4 Be6 10. Rd1 Qa5
11. a3 Nd7 12. Bd2 Qc7 13. Be2 Nce5 14. b3 Nxf3+ 15. Bxf3 Ne5 16. Be2 Rac8 17. O-O Qd7 18. f4 Bxc4 19. bxc4 Nxc4 20. Bxc4 Rxc4
21. Qb3 Rfc8 22. Ne2 Rxe4 23. Ng3 Rec4 24. f5 b6 25. Bg5 Be5 26. fxg6 hxg6 27. Qf3 e6 28. Nh5 gxh5 29. Qxh5 R8c5 30. Qh6 Bg7
31. Qh5 f6 32. Rxf6 Bxf6 33. Qg6+ Bg7 34. Bh6 Qf7 35. Qg3 Rf5 36. Bxg7 Qxg7 37. Qxd6 Qe5
0-1

[Event "DIJA I"]
[Site "SchemingMind.com"]
[Date "2020.09.22"]
[Round "-"]
[White "pmdpsp"]
[Black "Arnold Jones"]
[Result "1-0"]
[WhiteCountry "GER"]
[BlackCountry "ENG"]
[WhiteElo "1740"]
[WhiteRD "78"]
[BlackElo "1623"]
[BlackRD "62"]
[GameID "460388"]

1. c4 e5 2. Nc3 Bc5 3. e3 Nc6 4. Nf3 f5 5. a3 Nf6 6. b4 Be7 7. b5 e4 8. bxc6 exf3 9. Qxf3 dxc6 10. d4 O-O
11. Bd3 Qd7 12. O-O b6 13. Bb2 a5 14. Rad1 Ne8 15. d5 cxd5 16. cxd5 Nd6 17. Qg3 Bf6 18. f3 Bxc3 19. Bxc3 Qe7 20. e4 f4
21. Qe1 Nf7 22. e5 Qxa3 23. e6 Nd6 24. Qe5 Rf6 25. Rc1 Qa4 26. Qh5 g6 27. Qg5 Rf5 28. Bxf5 Qe8 29. Qf6 Bxe6 30. Qg7#
1-0

[Event "DIJA I"]
[Site "SchemingMind.com"]
[Date "2020.09.22"]
[Round "-"]
[White "pmdpsp"]
[Black "Paul Clarkson"]
[Result "1-0"]
[WhiteCountry "GER"]
[BlackCountry "CAN"]
[WhiteElo "1751"]
[WhiteRD "79"]
[BlackElo "1880"]
[BlackRD "91"]
[GameID "460389"]

1. c4 Nf6 2. Nc3 g6 3. d4 Bg7 4. Nf3 O-O 5. e4 d6 6. Bd3 c6 7. O-O Bg4 8. h3 Bd7 9. Bf4 c5 10. dxc5 dxc5
11. Qb3 b6 12. Rad1 Nc6 13. e5 Nh5 14. Bh2 f6 15. g4
1-0

[Event "DIJA I"]
[Site "SchemingMind.com"]
[Date "2020.09.22"]
[Round "-"]
[White "pmdpsp"]
[Black "John Hamer"]
[Result "0-1"]
[WhiteCountry "GER"]
[BlackCountry "ENG"]
[WhiteElo "1740"]
[WhiteRD "78"]
[BlackElo "2004"]
[BlackRD "60"]
[GameID "460390"]

1. e4 d5 2. exd5 Qxd5 3. Nc3 Qd6 4. Nf3 Nf6 5. Bc4 a6 6. a4 Bg4 7. h3 Bh5 8. Be2 Nc6 9. d3 Bg6 10. O-O e5
11. Re1 Be7 12. Bf1 O-O 13. Nxe5 Nxe5 14. Bf4 Bh5 15. Qd2 Nfd7 16. d4 Nf3+ 17. gxf3 Qg6+ 18. Bg3 Bd6 19. f4 Bb4 20. Re3 Rad8
21. Bg2 c6 22. Bh4 f6 23. Kh2 Rfe8 24. Rg1 Qf5 25. d5 Qxf4+ 26. Bg3 Qc4 27. dxc6 bxc6 28. Bc7 Nf8 29. Bxd8 Qf4+ 30. Kh1 Bd6
31. Rg3 Qxd2 32. Bd5+ Kh8 33. Rxg7 Ng6 34. Bxf6 Qxd5+ 35. Nxd5 Bf3+ 36. Rg2 Re1#
0-1

[Event "DIJA I"]
[Site "SchemingMind.com"]
[Date "2020.09.21"]
[Round "-"]
[White "David Carter"]
[Black "pmdpsp"]
[Result "1-0"]
[WhiteCountry "USA"]
[BlackCountry "GER"]
[WhiteElo "2017"]
[WhiteRD "70"]
[BlackElo "1751"]
[BlackRD "79"]
[GameID "460391"]

1. d4 g6 2. c4 Bg7 3. Nf3 d6 4. e4 Nf6 5. Nc3 O-O 6. Be2 Nbd7 7. O-O c6 8. Qc2 Re8 9. Bg5 a6 10. a4 a5
11. Rad1 Nf8 12. e5 N6d7 13. exd6 f6 14. dxe7 Rxe7 15. Be3 Kh8 16. d5 cxd5 17. Nxd5 Rf7 18. c5 Rb8 19. Rd2 Qe8 20. Bb5 Qe6
21. Nc7 Qe7 22. Bc4 Ne6 23. Bxe6 Rf8 24. Bxd7 Bxd7 25. Nd5 Qf7 26. Bf4 Rbd8 27. Bc7 Rde8 28. Bd6 Rg8 29. h3 Bf8 30. Qc3 Re6
31. Ng5 Qg7 32. Nxe6 Bxe6 33. Nxf6 Bxd6 34. Nxg8 Qxc3 35. bxc3 Bxg8 36. cxd6
1-0

[Event "DIJA I"]
[Site "SchemingMind.com"]
[Date "2020.09.22"]
[Round "-"]
[White "pmdpsp"]
[Black "Helga1946"]
[Result "1-0"]
[WhiteCountry "GER"]
[BlackCountry "GER"]
[WhiteElo "1740"]
[WhiteRD "78"]
[BlackElo "2031"]
[BlackRD "86"]
[GameID "460392"]

1. e4 e5 2. c3 d5 3. d3 Nf6 4. Qc2 c5 5. Nf3 Nc6 6. Be2 Be7 7. O-O O-O 8. h3 a6 9. Rd1 Qc7 10. Bg5 d4
11. Bh4 Be6 12. Na3 Rac8 13. Rac1 b5 14. Qb1 Nh5 15. Bxe7 Qxe7 16. Nxe5 Nxe5 17. Bxh5 Qg5 18. Bg4 Bxg4 19. hxg4 Nxg4 20. Qc2 f5
21. Qd2 Qh5 22. Qf4 fxe4 23. Qg3 Nxf2 24. Qh2 Qg4 25. Rf1 e3 26. Nc2 Rc6 27. Rxf2 exf2+ 28. Kf1
1-0

[Event "DIJA I"]
[Site "SchemingMind.com"]
[Date "2020.09.22"]
[Round "-"]
[White "JAHI"]
[Black "pmdpsp"]
[Result "1-0"]
[WhiteCountry "INT"]
[BlackCountry "GER"]
[WhiteElo "2139"]
[WhiteRD "72"]
[BlackElo "1751"]
[BlackRD "79"]
[GameID "460393"]

1. c3 e5 2. c4 c6 3. Nc3 Bb4 4. a3 Ba5 5. g3 d6 6. Bg2 f5 7. d3 Nf6 8. Qc2 O-O 9. h3 Nbd7 10. h4 Ng4
11. f3 Ngf6 12. h5 h6 13. f4 Ng4 14. Nf3 Bb6 15. Nd1 e4 16. Nh4 e3 17. Bf3 Ndf6 18. c5 Bxc5 19. d4 Qa5+ 20. Kf1 Bb6
21. Nxe3 Nxe3+ 22. Bxe3 Nd5 23. Bf2 Ne7 24. Re1 Be6 25. Kg2 Bd5 26. Rh3 Bxd4 27. e3 Bf6 28. Ng6 Rfe8 29. Rd1 Bxf3+ 30. Kxf3 d5
31. Rh2 Qc7 32. Kg2 Nxg6 33. hxg6 Re4 34. Rxd5 Qc8 35. Rd6 Qe8 36. Qb3+ Kf8 37. Rxf6+ gxf6 38. Rxh6 Kg7 39. Qxb7+ Kg8 40. Rh8+ Kxh8
41. Qh7#
1-0

[Event "DIJA I"]
[Site "SchemingMind.com"]
[Date "2020.09.22"]
[Round "-"]
[White "Ricardo Martinez Puigros"]
[Black "drako"]
[Result "1-0"]
[WhiteCountry "ESP"]
[BlackCountry "LAT"]
[WhiteElo "2156"]
[WhiteRD "74"]
[BlackElo "1985"]
[BlackRD "125"]
[GameID "460394"]

1. d4 Nf6 2. c4 g6 3. Nc3 d5 4. Nf3 Bg7 5. Qb3 dxc4 6. Qxc4 O-O 7. Bf4 c6 8. e3 Nbd7 9. Be2 h6 10. O-O Nb6
11. Qd3 Bf5 12. e4 Bg4 13. Rad1 e6 14. h3 Bxf3 15. Bxf3 Qe7 16. Rfe1 Rfd8 17. Qe2 Rac8 18. a3 Nbd7 19. g4 e5 20. Be3 exd4
21. Bxd4 Ne5 22. Bg2 c5 23. Be3 a6 24. f4 Nc6 25. e5 Ne8 26. Nd5 Qf8 27. Qf2 Nd4 28. Bxd4 cxd4 29. f5 Qc5 30. b4 Qc2
31. Rd2 Qb3 32. Ne7+ Kh7 33. Nxc8 Rxc8 34. f6
1-0

[Event "DIJA I"]
[Site "SchemingMind.com"]
[Date "2020.09.22"]
[Round "-"]
[White "Derek Price"]
[Black "Ricardo Martinez Puigros"]
[Result "1/2-1/2"]
[WhiteCountry "ENG"]
[BlackCountry "ESP"]
[WhiteElo "2259"]
[WhiteRD "72"]
[BlackElo "2128"]
[BlackRD "73"]
[GameID "460395"]

1. c4 e6 2. g3 d5 3. Bg2 Nf6 4. Nf3 d4 5. O-O c5 6. e3 Nc6 7. exd4 cxd4 8. d3 Be7 9. Re1 O-O 10. Na3 Bc5
11. Nc2 a5 12. Bf4 Nh5 13. Bg5 f6 14. Bd2 g6 15. a3 a4 16. Nb4 Ng7 17. Nxc6 bxc6 18. Bb4 Qd6 19. Nd2 Bxb4 20. axb4 Qxb4
21. Bxc6 Ra6 22. Bb5 Ra7 23. Ne4=
1/2-1/2

[Event "DIJA I"]
[Site "SchemingMind.com"]
[Date "2020.09.21"]
[Round "-"]
[White "Gilligan"]
[Black "Ricardo Martinez Puigros"]
[Result "0-1"]
[WhiteCountry "USA"]
[BlackCountry "ESP"]
[WhiteElo "1683"]
[WhiteRD "60"]
[BlackElo "2156"]
[BlackRD "74"]
[GameID "460396"]

1. e4 c5 2. Nf3 d6 3. c3 Nf6 4. Bc4 Nc6 5. d3 a6 6. a3 b5 7. Ba2 e6 8. O-O Be7 9. h3 O-O 10. Re1 Bb7
11. Bg5 Nd7 12. Be3 Nce5 13. Nbd2 Nxd3 14. Rf1 Nxb2 15. Qc2 Na4 16. Rad1 Bf6 17. Nb1 Qc7 18. Nh2 c4 19. Ng4 Be7 20. f3 Nac5
21. Qf2 Nd3 22. Qg3 Kh8 23. Nd2 Rac8 24. f4 Nf6 25. Bd4 Nh5 26. Qe3 f5 27. exf5 exf5 28. Qe6 Nhxf4 29. Bxg7+ Kxg7 30. Qh6+ Kh8
31. Ne3 Qc5 32. Bb1 Qxe3+
0-1

[Event "DIJA I"]
[Site "SchemingMind.com"]
[Date "2020.09.21"]
[Round "-"]
[White "Erik Johnson"]
[Black "Ricardo Martinez Puigros"]
[Result "1-0"]
[WhiteCountry "USA"]
[BlackCountry "ESP"]
[WhiteElo "1776"]
[WhiteRD "71"]
[BlackElo "2091"]
[BlackRD "74"]
[GameID "460397"]

1. e4 c5 2. c3 e6 3. d4 d5 4. e5 Nc6 5. Nf3 Qb6 6. a3 c4 7. Nbd2 Nge7 8. Bxc4 Ng6 9. Bd3 Bd7 10. O-O f5
11. exf6 gxf6 12. b4 a6 13. Nb3
1-0